Localités de la commune de Bex - Statistiques

Statistiques générales
  • Ce quiz a été pris 7 fois
  • Le résultat moyen est 4 sur 12
Réponses sur la Carte
Les réponses sont colorées sur une échelle allant du rouge au vert en fonction du pourcentage des utilisateurs qui les ont devinées à leur premier essai. Vous pouvez retrouver ces pourcentages ci-dessous.
 
Statistiques - réponses
Réponse % Correct
Bex
83%
Les Plans-sur-Bex
50%
Le Châtel
50%
Frenières-sur-Bex
33%
Pont-de-Nant
33%
Solalex
33%
Les Posses-sur-Bex
17%
Fenalet-sur.Bex
17%
Le Bévieux
17%
Les Dévens
17%
Le Chêne
0%
Vasselin
0%
Aucun quiz correspondant
Distribution des résultats
% des personnes avec chaque résultat
Percentile par nombre de réponses
Votre historique - résultats
Vous n’avez pas pris ce quiz